Regions of Estonia with a map - Statistics

General Stats
  • This quiz has been taken 1,281 times
  • The average score is 9 of 15
Answers on the Map
Answers color-coded by a green-red scale on the quiz's map according to % correct below.
 
Answer Stats
Answer % Correct
Saare
88%
Tartu
79%
Hiiu
76%
Pärnu
70%
Harju
65%
Lääne
64%
Ida-Viru
57%
Võru
56%
Lääne-Viru
55%
Viljandi
53%
Valga
52%
Rapla
50%
Põlva
48%
Jõgeva
45%
Järva
43%
No matching quizzes found
Score Distribution
Percent of People with Each Score
Percentile by Number Answered
Your Score History
You have not taken this quiz